000
00218nam a22000857a 4500
008
140423b xxu||||| |||| 00| 0 eng d
020
_c
Available
082
_2
2nd Edition
245
_a
Designing Network Security
_c
Merike, Kaeo
999
_c
23853
_d
23853